| 000 | 00504nam a22001937a 4500 | ||
|---|---|---|---|
| 003 | NUST - PNEC | ||
| 005 | 20170116180802.0 | ||
| 008 | 150417b xxu||||| |||| 00| 0 eng d | ||
| 020 | _a812070813x | ||
| 040 | _cLIBRARY | ||
| 082 | _a370.15 KUN | ||
| 100 |
_92680 _aKundu, C. L. |
||
| 245 |
_aEducational psychology _cC.L. Kundu |
||
| 250 | _a- | ||
| 260 |
_aIndia: _bNew Delhi, _cc 1988. |
||
| 300 | _a616 p . : | ||
| 650 |
_92681 _aEducational Psychology _xEducational psychology |
||
| 942 |
_2ddc _cBK |
||
| 999 |
_c63033 _d63033 |
||